Countries With An Athlete With The Most Olympic Medals - Statistics

General Stats
  • This quiz has been taken 437 times
  • The average score is 10 of 15
Answer Stats
# Country % Correct
15 United States
100%
1 China
92%
3 Germany
91%
9 Soviet Union / Unified Team
91%
1 Russia
90%
4 Norway
85%
4 Japan
84%
1 Australia
81%
1 East Germany
75%
3 Italy
74%
1 Finland
56%
1 Netherlands
56%
2 Hungary
35%
1 Czechoslovakia
25%
1 Belarus
9%
No matching quizzes found
Score Distribution
Percent of People with Each Score
Percentile by Number Answered
Your Score History
You have not taken this quiz